00447nam a2200157 a 450000500170000000800410001702000180005805000240007610000150010024500410011526000420015630000070019844000360020565000180024165000300025920140412111411.0070215s19uu xx 00 eng d a971-511-871-2 aBB 220.9bNo66 2005 aRock, Lois aNoah and the ark /cLois Rock; Text. aPhilippines :bOMF Literature,c2005. a15 aMy very first big bible stories aBible stories aBible-History of biblical